00888 2200325 4500001002100000005001500021035002000036007000300056040001700059100002000076245006000096250001200156300001900168020002200187041000800209082001200217084001800229090002100247264004200268336002100310337003000331338002300361650001600384850001000400008004100410700001900451260004600470990002300516990002300539INLIS00000000000621820260418033102 a0010-0322000462ta aSBPUPADbind aRahmad Darmawan1 aEnsiklopedi Kompetisi Sepak Bola Dunia /cAndi A.Sururi a.-cet.2 a20 cm :bilus. a978-602-241-053-90 aind a798.334 a798.334 AND s a348.5 IND u 11-9 aYogyakarta :bPustaka Yustisia,c2006 2rdacontentaTeks 2rdamediaaTanpa Perantara 2rdacarrieravolume 4aensiklopedi aPUPAD260418 0  aeditor, Sururi a--Jakarta :bGelora Aksara Pratama,c2012 a26.980/Br/DPK/2017 a26.982/Br/DPK/2017